| LDR | | 01456cmm u2200301Ma 4500 |
| 001 | | 000000340243 |
| 003 | | EBZ |
| 005 | | 20260127111427 |
| 006 | | m d | |
| 007 | | cr ||||||||||| |
| 008 | | 240322s2025 enk o 000 0 eng d |
| 020 | |
▼a 1119865646 |
| 020 | |
▼a 9781119865643
▼q (electronic bk.) |
| 040 | |
▼a EBZ
▼b eng
▼c EBZ
▼d 248032 |
| 049 | |
▼a MAIN |
| 050 | 4 |
▼a B105.M4 |
| 082 | 04 |
▼a 121/.68
▼2 23/eng/20240326
▼1 https://id.oclc.org/worldcat/ddc/E4cfdGTmkt8tTtfmckCmkpvwB8 |
| 100 | 1 |
▼a Alexei A. Sharov (editor), George E. Mikhailovsky (editor) |
| 245 | 10 |
▼a Pathways to the Origin and Evolution of Meanings in the Universe
▼h [electronic resource]
▼c Alexei A. Sharov (editor), George E. Mikhailovsky (editor). |
| 250 | |
▼a 1st edition. |
| 260 | |
▼b Wiley-Blackwell,
▼c 2025. |
| 300 | |
▼a 1 online resource |
| 341 | 0 |
▼a textual
▼2 sapdv
▼3 EBSCOhost |
| 532 | 0 |
▼3 EBSCOhost
▼a "EBSCO evaluates our products based on the Web Content Accessibility Guidelines (WCAG) and the related Section 508 and EN 301 549 regulations in the US and EU. Most EBSCO products are substantially conformant with WCAG 2.2 level AA." Source: https://connect.ebsco.com/s/article/EBSCO-VPATs?language=en_US. Last accessed April 22, 2025. |
| 590 | |
▼a Added to collection customer.56279.3 |
| 650 | 0 |
▼a Meaning (Philosophy) |
| 856 | 40 |
▼3 EBSCOhost
▼u https://search.ebscohost.com/login.aspx?direct=true&scope=site&db=nlebk&db=nlabk&AN=3805365 |
| 938 | |
▼a EBSCOhost
▼b EBSC
▼n 3805365 |
| 990 | |
▼a 관리자 |